Sexualidad y embarazo adolescente en México /
En México, el tema del embarazo adolescente se ha vuelto uno de los asuntos fundamentales de las políticas de población. Se olvida con frecuencia que la maternidad temprana en este país obedece a causas económicas, sociales y culturales. Mediante el uso de encuestas demográficasconn representativida...
Guardat en:
| Autor principal: | |
|---|---|
| Altres autors: | |
| Format: | Text |
| Matèries: | |
| Etiquetes: |
Afegir etiqueta
Sense etiquetes, Sigues el primer a etiquetar aquest registre!
|
MARC
| LEADER | 00000 a a2200000 04500 | ||
|---|---|---|---|
| 001 | 11736 | ||
| 003 | |||
| 040 | |||
| 100 | |a Menkes, Catherine | ||
| 245 | |a Sexualidad y embarazo adolescente en México / |c Catherine Menkes | ||
| 520 | |a En México, el tema del embarazo adolescente se ha vuelto uno de los asuntos fundamentales de las políticas de población. Se olvida con frecuencia que la maternidad temprana en este país obedece a causas económicas, sociales y culturales. Mediante el uso de encuestas demográficasconn representatividad nacional, se profundiza en esta asociación. De la misma forma, se prueba que un nivel bajo de escolaridad femenina se asocia con un menor conocimiento y uso de los métodos anticonceptivos, una menor planeación en la primera relación sexual y una edad más temprana en la iniciación sexual, lo que hace de estas adolecentes más vulnerables al embarazo y a las enfermedades de transmisicón | ||
| 650 | |a ADOLESCENCIA | ||
| 650 | |a MUJERES | ||
| 650 | |a SEXUALIDAD | ||
| 650 | |a EMBARAZO | ||
| 650 | |a EDUCACION SEXUAL | ||
| 650 | |a COMPORTAMIENTO SEXUAL | ||
| 650 | |a ANTICONCEPCION | ||
| 650 | |a ADOLESCENTES | ||
| 650 | |a EMBARAZO | ||
| 650 | |a COMPORTAMIENTO SEXUAL | ||
| 650 | |a EDUCACION SEXUAL | ||
| 700 | |a Suárez, Leticia | ||
| 773 | |g volumen 9, número 35; páginas 233-262 | ||
| 999 | |c 26579 |d 26579 | ||
